Speciální zakládání staveb /

Hlavní autor: Masopust, Jan, 1946-
Korporativní autor: Vysoké učení technické v Brně. Stavební fakulta
Jazyk: Čeština
Vydáno: Brno : Akademické nakladatelství CERM, 2004-2007
Vydání: Vyd. 1.
Edice: Učební texty vysokých škol
Témata:
Fyzický popis: 2 sv. (141, 150 s.) : il. ; 30 cm
Odebírané svazky: 1-2
Knihy
Uloženo v:
LEADER 02356nam a2200457 aa4500
001 000771637
003 CZ BrMZK
005 20161005102148.0
007 ta
008 050422m20042007xr a erp 000 0 cze d
015 |a cnb001574688 
020 |a 80-214-2770-1  |q (1. díl :  |q brož.) 
020 |a 80-7204-489-3  |q (2. díl :  |q brož.) 
040 |a BOA001  |b cze 
072 7 |a 624  |x Stavební inženýrství  |2 Konspekt  |9 19 
072 7 |a 37.016  |x Učební osnovy. Vyučovací předměty. Učebnice  |2 Konspekt  |9 22 
080 |a 624.15  |2 MRF 
080 |a (075.8)  |2 MRF 
100 1 |a Masopust, Jan,  |d 1946-  |7 jn20000710440  |4 aut 
245 1 0 |a Speciální zakládání staveb /  |c Jan Masopust 
250 |a Vyd. 1. 
260 |a Brno :  |b Akademické nakladatelství CERM,  |c 2004-2007 
300 |a 2 sv. (141, 150 s.) :  |b il. ;  |c 30 cm 
490 1 |a Učební texty vysokých škol 
500 |a Nad názvem: Vysoké učení technické v Brně, Fakulta stavební 
504 |a Obsahuje bibliografii 
650 0 7 |a zakládání staveb  |7 ph127528  |2 czenas 
655 7 |a učebnice vysokých škol  |7 fd133772  |2 czenas 
710 2 |a Vysoké učení technické v Brně.  |b Stavební fakulta  |7 kn20010709423 
810 2 |a Vysoké učení technické v Brně.  |t Učební texty vysokých škol  |0 s 
910 |a BOA001  |b 3-1151.471  |s 1-2 
990 |a BK 
991 |b 200505  |c NOV 
996 6 |b 2610248814  |c 3-1151.471  |d 1. díl  |v 1  |l MZK  |r Sklad / do 1 hodiny  |n 0  |p p.v.  |w 000771637  |u 000010  |a 1  |e BOA001  |j MZK50  |s P 
996 7 |b 2610248815  |c 3-1151.471  |d 1. díl  |v 1  |l MZK  |r Sklad / do 1 hodiny  |n 27  |p p.v.  |w 000771637  |u 000020  |a 1  |e BOA001  |j MZK50  |s A 
996 7 |b 2610251186  |c 3-1151.471  |d 1. díl  |v 1  |l MZK  |r Sklad / do 1 hodiny  |n 31  |p kup  |w 000771637  |u 000030  |a 1  |e BOA001  |j MZK50  |s A 
996 7 |b 2610251187  |c 3-1151.471  |d 1. díl  |v 1  |l Vol.výběr  |r VV 1p  |n 26  |p kup  |h 624 MAS  |w 000771637  |u 000040  |a 0  |e BOA001  |j MZK50  |s A 
996 6 |b 2610314008  |c 3-1151.471  |d 2. díl  |v 2  |l MZK  |r Sklad / do 1 hodiny  |n 0  |p p.v.  |w 000771637  |u 000050  |a 1  |e BOA001  |j MZK50  |s P 
996 7 |b 2610314009  |c 3-1151.471  |d 2. díl  |v 2  |l Vol.výběr  |r VV 1p  |n 24  |p p.v.  |h 624 MAS  |w 000771637  |u 000060  |a 0  |e BOA001  |j MZK50  |s A 
996 7 |b 2610322089  |c 3-1151.471  |d 2. díl  |v 2  |l MZK  |r Sklad / do 1 hodiny  |n 15  |p kup  |w 000771637  |u 000070  |a 1  |e BOA001  |j MZK50  |s A 
996 7 |b 2610322090  |c 3-1151.471  |d 2. díl  |v 2  |l MZK  |r Sklad / do 1 hodiny  |n 20  |p kup  |w 000771637  |u 000080  |a 1  |e BOA001  |j MZK50  |s A